| 000 | 00869nam a22002777a 4500 | ||
|---|---|---|---|
| 003 | CHAP | ||
| 005 | 20220329140536.0 | ||
| 008 | 971013s1943 r 00010 d | ||
| 010 | _a53617 | ||
| 011 | _a54589 | ||
| 035 | _a58740 | ||
| 040 | _cCHAP | ||
| 090 | _aTesis | ||
| 100 | 0 | 0 |
_aRuiz Almeido, Oscar. _9100602 |
| 245 | _aConstrucción de la carretera Hidalgo del Parral-Santa Bárbara-San Francisco del Oro, Chihuahua | ||
| 260 |
_aCd. Juárez, Chih. : _bEl autor, _c1943 |
||
| 300 |
_a92 p. _b: ilus. |
||
| 502 | _aTesis (Agrónomo) -- Escuela Superior de Agricultura Hermanos Escobar | ||
| 590 |
_aALEPH _b10 _c20130110 _lUCH01 _h1331 |
||
| 590 |
_aBATCH-UPD _b10 _c20130110 _lUCH01 _h0813 |
||
| 590 |
_aCONVERSION _b10 _c20130109 _lUCH01 _h1329 |
||
| 650 | 1 | 4 |
_aCaminos. _917855 |
| 901 | _aBK | ||
| 942 | _cTESIS | ||
| 949 |
_bBC _cTES _d-127333 _eTS1 _i58740 _si |
||
| 999 |
_c53617 _d53617 |
||